All about Hinduism : (Record no. 142482)

MARC details
000 -LEADER
fixed length control field 00640nam a22001937a 4500
005 - DATE AND TIME OF LATEST TRANSACTION
control field 20170712153756.0
010 ## - LCCN (DPL NO)
LC control number ENG-119204
020 ## - INTERNATIONAL STANDARD BOOK NUMBER
International Standard Book Number 9788175417977
Terms of availability 495.00
035 ## - SYSTEM CONTROL NUMBER
System control number EN-102736
037 ## - SOURCE OF ACQUISITION
Source of stock number/acquisition DBAD/PUB
082 ## - DEWEY DECIMAL CLASSIFICATION NUMBER
Classification number 220.509
100 ## - MAIN ENTRY--PERSONAL NAME
Personal name Tyagi, Ashok
245 ## - TITLE STATEMENT
Title All about Hinduism :
Statement of responsibility, etc by Ashok Tyagi
Remainder of title from vedas to devas and past to present /
260 ## - PUBLICATION, DISTRIBUTION, ETC. (IMPRINT)
Place of publication, distribution, etc Delhi
Name of publisher, distributor, etc Shipra Publications
Date of publication, distribution, etc 2015
270 ## - ADDRESS
Address LG 18-19, Pankaj Central Market,I.P.Ext. Patparganj
City Delhi
Postal code 110092
300 ## - PHYSICAL DESCRIPTION
Extent xxiv,368p.
Dimensions 22cm(pbk)
500 ## - GENERAL NOTE
General note Includes bibliographic references and index
942 ## - ADDED ENTRY ELEMENTS (KOHA)
Source of classification or shelving scheme Dewey Decimal Classification
Item type English Books
Call number suffix TYA
Classification part 220.509
Holdings
Withdrawn status Lost status Not for loan Collection code Home library Current library Date acquired Source of acquisition Cost, normal purchase price Full call number Barcode Copy number Cost, replacement price Koha item type
      Non-fiction Central Jail Tihar Central Jail Tihar 12/07/2017 DBAD/PUB 495.00 220.509 TYA EN-102736 1 495.00 English Books

© Delhi Public Library
Hit Counter
free hit counter